| 000 | 00390nam a2200157Ia 4500 | ||
|---|---|---|---|
| 008 | 210210b2003 xxu||||| |||| 00| 0 eng d | ||
| 020 | _a81 85771 59 6 | ||
| 082 | _a574.1925 TRIE | ||
| 100 | _aTRIPATH (G). | ||
| 245 | _aEnzyme biotechnology. | ||
| 260 |
_aJaipur _bABD Publishers _c2003 |
||
| 300 | _a265 | ||
| 650 | _aEnzyme biotechnology | ||
| 690 | _aBiochemistry | ||
| 906 | _a058882 | ||
| 999 |
_c106014 _d106014 |
||